000 01082nam a2200241 4500
001 vtls002547060
003 MY-SjTCS
005 20200306154216.0
008 110218 2002 enk 00 eng
020 _a0194574504
039 9 _a201910311511
_bdianafitri
_c201910111209
_ddianafitri
_c201102181303
_dVLOAD
_c200811241758
_dVLOAD
_y200407271944
_zVLOAD
082 0 4 _a428.24076
_bCAP
100 1 _aCapel, Annette.
_915193
245 1 0 _aKET practice tests :
_bfour tests for the Cambridge Key English Test /
_cAnnette Capel, Sue Ireland
260 _aOxford :
_bOxford University Press,
_c2000
300 _a85 p. :
_bill. ;
_c28 cm.
500 _aFirst published 2000
505 0 _aOverview of the KET Examination. - Test 1. - Test 2. - Test 3. - Test 4. - Materials for the Speaking Test. - Answer Sheets.
650 0 _aEnglish language
_vTextbooks for foreign speakers.
_910818
650 0 _aEnglish language
_xExaminations
_vStudy guides.
_914760
700 1 _aIreland, Sue.
_e(j.a.)
_9208485
920 _aLAC : LC1055. This item is for reserved for lecturers of the Language Centre.
999 _c26188